|
|
|
|
| LEADER |
00000nam a2200000Ia 4500 |
| 003 |
009726 |
| 005 |
20221231144122.0 |
| 008 |
140114s2006 cr a m 000 ||und d |
| 040 |
|
|
|c cru CEDI
|
| 090 |
|
|
|a TFG 5254
|
| 100 |
|
|
|a Ruiz Arrieta, Max Alberto
|9 5606
|
| 245 |
|
|
|a Optimización de las fuentes de MVAr para evitar colapsos de tensión
|
| 260 |
|
|
|c [San José, Costa Rica]
|b 2006
|
| 300 |
|
|
|a vi, 95 hojas : ilustraciones
|
| 500 |
|
|
|a Tesis (licenciatura en ingeniería eléctrica)--Universidad de Costa Rica. Facultad de Ingeniería. Escuela de Ingeniería Eléctrica
|
| 650 |
|
|
|x SISTEMA NACIONAL INTERCONECTADO DE ELECTRICIDAD (COSTA RICA)
|x POTENCIA REACTIVA (INGENIERIA ELECTRICA)
|x ESTABILIDAD DE SISTEMAS DE ENERGIA ELECTRICA
|x CONTROL DE SISTEMAS DE ENERGIA ELECTRICA
|9 5607
|
| 942 |
|
|
|c TFG
|
| 999 |
|
|
|c 17170
|d 17170
|